000
00312nam a22001337a 4500
008
180817b xxu||||| |||| 00| 0 eng d
020
_a
9780534204662
041
_a
eng
080
_2
3 ed
_a
316
100
_a
50
101
_a
soc
245
_a
religion sociological perpspective
_c
robrts.k.a
942
_2
udc
_c
BK
999
_c
47207
_d
47207